| 000 | 00770nam a2200229 a 4500 | ||
|---|---|---|---|
| 001 | 62657 | ||
| 003 | BD-RjUL | ||
| 005 | 20211209081117.0 | ||
| 008 | 170125s1950 enk 000 0 eng | ||
| 035 | _a(BD-RjUL)62783 | ||
| 040 |
_aDLC _cOClU _dBD-RjUL _beng |
||
| 041 | _aeng | ||
| 082 |
_a657 _223 _bBAS 1950 |
||
| 100 | 1 |
_aBaxter, William T. _q(William Threipland), _d1906-2006, _9186288 |
|
| 245 | 1 | 0 |
_aStudies in accounting theory / _cEdited by W. T. Baxter and Sidney Davidson. |
| 260 |
_aLondon : _bAustralia law book co., _cc1950 |
||
| 300 |
_a455 p. : _bill. ; _c26 cm. |
||
| 500 | _aPublished in 1950 under title: Studies in accounting. | ||
| 650 | 0 |
_aAccounting. _9175106 |
|
| 650 | 0 |
_aAccounting _xLaw and legislation _zGreat Britain. _9186289 |
|
| 942 |
_2ddc _cBK |
||
| 999 |
_c62657 _d62657 |
||